Histoire de l’Iran (dates des dynasties) - Statistiques

Statistiques générales
  • Ce quiz a été pris 6 fois
  • Le résultat moyen est 1 sur 11
Statistiques - réponses
Dynastie Dates % Correct
République islamique 1979-
83%
Timourides 1370-1507
17%
Pahlavis 1925-1979
17%
Safavides 1501-1736
0%
Qajars 1794-1925
0%
Sassanides 224-651
0%
Séleucides 312-140 av.J.C
0%
Achéménides 550-330 av.J.C
0%
Période des califes 651- Xe siècle
0%
Bouyides 934-1055
0%
Parthes IIe siècle av.J.C - 224
0%
Aucun quiz correspondant
Distribution des résultats
% des personnes avec chaque résultat
Percentile par nombre de réponses
Votre historique - résultats
Vous n’avez pas pris ce quiz